| 000 | 00493cam a2200193 4500 | ||
|---|---|---|---|
| 001 | B1753 | ||
| 008 | 090401t1981 xxu||||| |||| 00| 0 eng d | ||
| 035 | _a(Sirsi) u46234 | ||
| 041 | _aeng | ||
| 050 | _a333.3370942819 | ||
| 110 | _aSt.Quintin | ||
| 245 | _aLeeds : a report on the office and industrial property market. - February 1981 | ||
| 260 |
_aLeeds _bSt.Quintin _c1981 |
||
| 300 | _a24p. : ill. ; 30cm. | ||
| 350 | _a0 | ||
| 650 | _aOFFICES | ||
| 942 | _n0 | ||
| 948 | _c04/03/1997 | ||
| 999 |
_c91893 _d91893 |
||